| 000 | 00404 a2200169 4500 | ||
|---|---|---|---|
| 001 | 149668 | ||
| 020 | _a9788573191686 | ||
| 040 | _cEscola São Tomás de Aquino | ||
| 100 | _aSHAKESPEARE, William | ||
| 240 | 1 | 0 |
_aSonho de uma noite de verão _lpor |
| 245 | 1 | 0 | _aSonho de uma noite de verão |
| 300 | _a44 | ||
| 362 | 0 | _a2010 | |
| 440 | 1 | _aDimensão | |
| 697 | _a*LITERATURA JUVENIL | ||
| 942 | _cBK | ||
| 999 |
_c149668 _d149668 |
||